[Event "Pan American Intercollegiate-chT"]
[Site "Chess.com INT"]
[Date "2021.01.04"]
[Round "1"]
[White "Li, Ruifeng"]
[Black "Dommalapati, Abhinay"]
[Result "1-0"]
[WhiteElo "2541"]
[BlackElo "1815"]
[PlyCount "49"]
[EventDate "2021.01.04"]
[EventType "team-swiss (rapid)"]
[EventRounds "9"]
[EventCountry "USA"]
[SourceTitle "CBM 200 Extra"]
[Source "ChessBase"]
[SourceDate "2021.03.31"]
[SourceVersion "1"]
[SourceVersionDate "2021.03.31"]
[SourceQuality "1"]
[WhiteTeam "Austin Univ"]
[BlackTeam "Virginia Univ"]
[WhiteTeamCountry "USA"]
[BlackTeamCountry "USA"]

1. b3 e6 2. Bb2 d5 3. e3 c5 4. Nf3 Nc6 5. Bb5 a6 6. Bxc6+ bxc6 7. 0-0 Nf6 8. d3 Be7 9. c4 0-0 10. Nc3 Nd7 11. Na4 Bf6 12. Bxf6 Qxf6 13. Rc1 d4 14. exd4 cxd4 15. c5 a5 16. Re1 Ba6 17. Re4 e5 18. Nb6 Nxb6 19. cxb6 Rfe8 20. Rc5 Qd6 21. Rcxe5 Rxe5 22. Nxe5 c5 23. Qh5 g6 24. Qf3 Qd5 25. Ng4 1-0

[Event "Windsor NAYCC U18"]
[Site "Windsor"]
[Date "2016.08.10"]
[Round "7.16"]
[White "Yaskolko, Alexander"]
[Black "Dommalapati, Abhinay"]
[Result "0-1"]
[WhiteElo "1735"]
[BlackElo "1832"]
[PlyCount "88"]
[EventDate "2016.08.07"]
[EventType "swiss"]
[EventRounds "9"]
[EventCountry "CAN"]
[SourceTitle "EXT 2022"]
[Source "ChessBase"]
[SourceDate "2021.10.06"]
[SourceVersion "1"]
[SourceVersionDate "2021.10.06"]
[SourceQuality "1"]

1. e4 e6 2. d4 d5 3. Nc3 Nf6 4. Bg5 Be7 5. e5 Nfd7 6. Bxe7 Qxe7 7. Nf3 a6 8. Bd3 c5 9. Nb1 cxd4 10. Nxd4 Nxe5 11. Nc3 Nbc6 12. Nb3 0-0 13. Qd2 Nxd3+ 14. Qxd3 b5 15. h4 Bd7 16. 0-0-0 b4 17. Ne2 a5 18. h5 a4 19. Nbd4 Nxd4 20. Qxd4 Bb5 21. h6 gxh6 22. Qg4+ Qg5+ 23. Qxg5+ hxg5 24. Nd4 Bd7 25. Rh5 f6 26. Rdh1 Rf7 27. R1h3 e5 28. Rd3 exd4 29. Rxd4 Rb8 30. Rxd5 Bc6 31. Ra5 Ra8 32. Rxa8+ Bxa8 33. g3 Rd7 34. Rh2 Bf3 35. b3 a3 36. c3 bxc3 37. Kc2 Rc7 38. Rh3 Be4+ 39. Kc1 c2 40. f3 Bg6 41. Rh2 Rd7 42. Rd2 Rxd2 43. Kxd2 h5 44. b4 Kf8 0-1

[Event "Windsor NAYCC U18"]
[Site "Windsor"]
[Date "2016.08.09"]
[Round "4.12"]
[White "Chiku Ratte, Olivier Kenta"]
[Black "Dommalapati, Abhinay"]
[Result "1-0"]
[WhiteElo "2323"]
[BlackElo "1832"]
[PlyCount "75"]
[EventDate "2016.08.07"]
[EventType "swiss"]
[EventRounds "9"]
[EventCountry "CAN"]
[SourceTitle "EXT 2022"]
[Source "ChessBase"]
[SourceDate "2021.10.06"]
[SourceVersion "1"]
[SourceVersionDate "2021.10.06"]
[SourceQuality "1"]

1. d4 e6 2. c4 Nf6 3. Nc3 d5 4. cxd5 exd5 5. Bg5 Nbd7 6. Qc2 c6 7. e3 Be7 8. Bd3 0-0 9. Nge2 Re8 10. 0-0 Nf8 11. f3 h6 12. Bh4 Ne6 13. Rad1 Ng5 14. Bxg5 hxg5 15. e4 dxe4 16. fxe4 Bg4 17. h3 Bxe2 18. Bxe2 Bb4 19. e5 Nd5 20. Nxd5 cxd5 21. Qb3 Qa5 22. a3 Be7 23. Bf3 Qb6 24. Qxb6 axb6 25. Bxd5 Red8 26. Bxf7+ Kh8 27. Be6 Rxd4 28. Rc1 Rd2 29. Rc7 Re8 30. Bf7 Bd8 31. Bxe8 Bxc7 32. Bg6 Kg8 33. e6 Bd6 34. Rf7 Re2 35. Rd7 Bc5+ 36. Kf1 Rf2+ 37. Ke1 Kf8 38. e7+ 1-0

[Event "Arlington DC op 2nd"]
[Site "Arlington"]
[Date "2014.06.29"]
[Round "7"]
[White "Beckman, Thomas J"]
[Black "Dommalapati, Abhinay"]
[Result "0-1"]
[WhiteElo "1961"]
[BlackElo "1811"]
[PlyCount "58"]
[EventDate "2014.06.26"]
[EventType "swiss"]
[EventRounds "9"]
[EventCountry "USA"]
[SourceTitle "CBM 161 Extra"]
[Source "ChessBase"]
[SourceDate "2014.08.29"]
[SourceVersion "1"]
[SourceVersionDate "2014.08.29"]
[SourceQuality "1"]

1. d4 e6 2. c4 d5 3. Nc3 Nf6 4. Nf3 Be7 5. Bf4 0-0 6. a3 c5 7. dxc5 Bxc5 8. e3 dxc4 9. Qc2 a6 10. Rd1 Qe7 11. Bxc4 Rd8 12. 0-0 b5 13. Rxd8+ Qxd8 14. Rd1 Qb6 15. b4 Be7 16. Ba2 Nbd7 17. Bb1 g6 18. e4 Bb7 19. Bg5 Bf8 20. e5 Nd5 21. Ne4 a5 22. Qb3 axb4 23. axb4 Bxb4 24. Be3 Bc5 25. Nxc5 Nxc5 26. Bxc5 Qxc5 27. Nd4 Nc3 28. Nxe6 Qxe5 29. Nd8 Bd5 0-1

[Event "Arlington DC op 2nd"]
[Site "Arlington"]
[Date "2014.06.29"]
[Round "8"]
[White "Dommalapati, Abhinay"]
[Black "Nieto, Manuel Valerio Wald"]
[Result "1/2-1/2"]
[WhiteElo "1811"]
[BlackElo "2057"]
[PlyCount "52"]
[EventDate "2014.06.26"]
[EventType "swiss"]
[EventRounds "9"]
[EventCountry "USA"]
[SourceTitle "CBM 161 Extra"]
[Source "ChessBase"]
[SourceDate "2014.08.29"]
[SourceVersion "1"]
[SourceVersionDate "2014.08.29"]
[SourceQuality "1"]

1. d4 Nf6 2. c4 e6 3. Nf3 Bb4+ 4. Bd2 Qe7 5. g3 Nc6 6. Bg2 Bxd2+ 7. Qxd2 Ne4 8. Qc2 Qb4+ 9. Nc3 f5 10. Qb3 0-0 11. 0-0 Qxb3 12. axb3 Nxc3 13. bxc3 d6 14. Nd2 Re8 15. f4 Bd7 16. e4 a6 17. e5 dxe5 18. fxe5 Nd8 19. Rfe1 c6 20. c5 Nf7 21. Nc4 Rab8 22. Nd6 Re7 23. c4 g6 24. Re2 Kg7 25. Re3 Kg8 26. Rae1 Nd8 1/2-1/2

[Event "Toronto NAYCC U14"]
[Site "Toronto"]
[Date "2013.08.17"]
[Round "7"]
[White "Dommalapati, Abhinay"]
[Black "Karp, Eli M"]
[Result "1-0"]
[WhiteElo "1945"]
[BlackElo "1843"]
[PlyCount "63"]
[EventDate "2013.08.14"]
[EventType "swiss"]
[EventRounds "9"]
[EventCountry "CAN"]
[SourceTitle "EXT 2022"]
[Source "ChessBase"]
[SourceDate "2021.10.06"]
[SourceVersion "1"]
[SourceVersionDate "2021.10.06"]
[SourceQuality "1"]

1. d4 Nf6 2. c4 c5 3. e3 e6 4. Nf3 Nc6 5. Be2 cxd4 6. exd4 d5 7. 0-0 Bd6 8. Nc3 0-0 9. Bg5 dxc4 10. Bxc4 Be7 11. Re1 h6 12. Bh4 g5 13. Bg3 Bb4 14. a3 Bxc3 15. bxc3 Nd5 16. Qd2 f5 17. Be5 Nxe5 18. Nxe5 a6 19. h4 b5 20. Bd3 Nf4 21. Bc2 Bb7 22. f3 Rc8 23. Bb3 Bd5 24. Bxd5 Nxd5 25. Rac1 f4 26. Qd3 Rf5 27. Ng4 Qf8 28. Rxe6 Qxa3 29. Qxf5 Qxc1+ 30. Kh2 Ne3 31. Rg6+ Kh8 32. Qf6+ 1-0